00269nam a2200073Ia 4500008004100000100001600041245009800057260004000155250530s9999 xx 000 0 und d aMukundan, M 0aKootamthetti meyunnavar: കൂട്ടം തെറ്റി മേയുന്നവര് aKozhiodebPoorna Publicationsc1995